00357 a2200109 4500001001000000005001700010008004100027245007000068100002600138773006600164999001700230ART_1845820260410161919.0260409a 10aLas boletas de depósitos de anticipos como declaración jurada1 aTarantino, Jacinto R.0 tLa informacióng- Tomo XXXIV, Nº 562 (oct. 1976)wREV14902 c27557d27557